| 000 | 00372cam a22001337a 4500 | ||
|---|---|---|---|
| 008 | 180718b1995 xxu||||| |||| 00| 0 eng d | ||
| 020 | _a81 7315 109 1 | ||
| 082 | _aP14x54 SH23 | ||
| 100 | _aSharma, Shanker Dayal | ||
| 245 |
_aShiksha ke aayam _cby Shanker Dayal Sharma |
||
| 260 |
_aDelhi Parkashan _bParbhat Parkashan _c1995 |
||
| 300 | _a131 | ||
| 650 | _aEducation-India | ||
| 999 |
_c438513 _d438513 |
||